=LDR 00000nam 2200000 4500 =001 INLIS000000000040593 =005 20130612150145 =008 ***********************************Ind** =035 ##$$0010-061300000040593 =041 ##$$a Ind =082 ##$$a 808.7 =090 ##$$a 808.7 , Sum s =100 ##$$a SUMANIRI, Yustinus =245 ##$$a Senyuman , (Kumpulan 100 cerita bijak) , Yustinus sumaniri; editor, Bert T Tembang, Alfred B. Jogo Ena =260 ##$$a 2007 $b Yogyakarta =300 ##$$a 184 hm. , ilus , 19 cm =650 ##$$a HUMOR =700 ##$$a Tembang, Bert T =850 ##$$a NBPNMAT =990 ##$$a 0001/BPAP-NTB/2015 =990 ##$$a 0001/BPAP-NTB/2016 =990 ##$$a 0001/BPAP-NTB/2016 =990 ##$$a 0001/BPAP-NTB/2016